Global development finance 2006 <the> development potential of surging capital flows

Gespeichert in:
Bibliographische Detailangaben
Format: Buch
Sprache:Englisch
Veröffentlicht: Washington, D.C. <The> World Bank 2006
Schlagworte:
Tags: Tag hinzufügen
Keine Tags, Fügen Sie das erste Tag hinzu!

MARC

LEADER 00000nlm$a2200000$$$4500
001 0045473
005 20191211125151.7
020 |a 0-8213-5993-2 
041 0 |a eng 
044 |a US 
245 1 0 |a Global development finance 2006  |b <the> development potential of surging capital flows 
264 1 |a Washington, D.C.  |b <The> World Bank  |c 2006 
300 |a CD-ROM 
610 2 0 |a krajiny rozvojové 
610 2 0 |a zadlženosť zahraničná 
610 2 0 |a kapitál zahraničný 
610 2 0 |a pohyb kapitálu 
610 2 0 |a rady časové 
610 2 0 |a ukazovatele 
610 2 0 |a procesory tabuľkové 
610 2 0 |a údaje štatistické medzinárodné 
610 2 0 |a pôžičky medzinárodné 
610 2 0 |a projekty 
610 2 0 |a ropovody